| 000 | 00879nas a2200301 4500 | ||
|---|---|---|---|
| 001 | BR9804612 | ||
| 003 | BR-BrBNA | ||
| 005 | 20231205101107.0 | ||
| 007 | ta | ||
| 008 | 230509b bl.|||p| |||| 00| 00por d | ||
| 040 |
_aBR-BrBNA _bpor _cBiblioteca Nacional de Agricultura |
||
| 041 | _a(Pt) | ||
| 072 | _aH20 | ||
| 100 | 1 | _aLopes, M.E.B.M. | |
| 100 | 1 | _aBarros, B. de C. | |
| 100 | 1 | _aPapa, M. de F.S. | |
| 100 | 1 | _aMenten, J.O.M. | |
| 245 | 1 | _aReacao de cultivares de soja ao cancro da haste (Diaporthe phaseolorum f. sp. meridionalis) | |
| 650 | _aSoja | ||
| 650 | _aCancro | ||
| 650 | _aVariedade | ||
| 650 | _aInoculacao | ||
| 650 | _aVariedade Resistente | ||
| 650 | _aSao Paulo | ||
| 773 | 0 |
_tRevista de Agricultura (Brazil) _xISSN 0034-7655 _g(Jun 1998), v. 73(1) p. 3-12 _wBR9804612 |
|
| 909 |
_a202311 _bLúcia _c55 _dLúcia Elande |
||
| 942 |
_2AGRIS _n0 _cANA |
||
| 999 |
_c159685 _d159685 |
||